000 00653nam a2200229Ia 4500
003 OSt
005 20221005120010.0
006 a|||||r|||| 00| 0
007 ta
008 221004b |||||||| |||| 00| 0 eng d
024 _a53401
037 _cTextual
040 _aCRL
_cCRL
_beng
041 _2eng
_aeng
082 _aR5xM82:2, J3
100 _aMaritain Jacques
245 0 _aCreative intuition in art and poetry
_b The A W Mellon Lectures in the fine arts, National Gallery of Arts, Washington
260 _c1953
650 _aPHILOSOPHY
942 _hR5xM82:2, J3
_cTEXL
_2cc
999 _c1036522
_d1036522